Rozhodnutie Make or Buy diplomová práca

Enregistré dans:
Détails bibliographiques
Auteur principal: Giláňová, Vladimíra
Collectivité auteur: Obchodná fakulta EU. Katedra služieb a cestovného ruchu - zrušené
Autres auteurs: Krošláková, Monika, 1975-
Format: Livre
Langue:slovaque
Publié: Bratislava 2018
Tags: Ajouter un tag
Pas de tags, Soyez le premier à ajouter un tag!

MARC

LEADER 00000nbm a2200000 4500
001 0247316
005 20180907084803.0
041 0 |a slo 
044 |a SK 
245 1 0 |a Rozhodnutie Make or Buy  |b diplomová práca  |c Vladimíra Giláňová ; školiteľ: Monika Krošláková 
264 1 |a Bratislava  |c 2018 
300 |a 87 s. 
100 1 |a Giláňová, Vladimíra 
700 1 |a Krošláková, Monika, 1975- 
710 2 |a Obchodná fakulta EU. Katedra služieb a cestovného ruchu - zrušené